Sports Quiz

Random Sports or MLB Quiz
Score 0/186 Timer 20:00
0 Plays Today
Hint Answer % Correct
Boston Red SoxDavid Ortiz
93.5%
Philadelphia PhilliesCole Hamels
87.1%
Philadelphia PhilliesChase Utley
87.1%
Los Angeles DodgersManny Ramirez
83.9%
Chicago CubsAramis Ramirez
83.9%
Chicago White SoxAlexei Ramirez
83.9%
Chicago CubsDerrek Lee
80.6%
Los Angeles DodgersDerek Lowe
77.4%
Boston Red SoxDustin Pedroia
77.4%
Philadelphia PhilliesRyan Howard
77.4%
Philadelphia PhilliesJimmy Rollins
77.4%
Milwaukee BrewersPrince Fielder
77.4%
Boston Red SoxJason Varitek
74.2%
Boston Red SoxKevin Youkilis
74.2%
Philadelphia PhilliesJayson Werth
74.2%
Los Angeles DodgersMatt Kemp
74.2%
Milwaukee BrewersRyan Braun
74.2%
Chicago White SoxMark Buehrle
71%
Chicago White SoxPaul Konerko
71%
Los Angeles AngelsGarret Anderson
71%
Boston Red SoxJacoby Ellsbury
71%
Chicago White SoxBrian Anderson
71%
Tampa Bay RaysCarl Crawford
71%
Tampa Bay RaysEvan Longoria
71%
Tampa Bay RaysCarlos Pena
71%
Philadelphia PhilliesCarlos Ruiz
67.7%
Philadelphia PhilliesShane Victorino
67.7%
Chicago White SoxJermaine Dye
64.5%
Los Angeles DodgersAndre Ethier
64.5%
Los Angeles DodgersRussell Martin
64.5%
Los Angeles DodgersClayton Kershaw
64.5%
Boston Red SoxJ.D Drew
61.3%
Chicago CubsAlfonso Soriano
61.3%
Philadelphia PhilliesPedro Feliz
61.3%
Boston Red SoxMike Lowell
61.3%
Los Angeles AngelsVladimir Guerrero
61.3%
Chicago CubsFélix Pie
61.3%
Los Angeles AngelsJered Weaver
61.3%
Philadelphia PhilliesPat Burrell
61.3%
Los Angeles AngelsChone Figgins
58.1%
Boston Red SoxJonathan Papelbon
58.1%
Tampa Bay RaysMelvin Upton Jr
58.1%
Chicago White SoxJim Thome
54.8%
Los Angeles AngelsScot Shields
54.8%
Chicago CubsCarlos Zambrano
54.8%
Boston Red SoxJosh Beckett
54.8%
Milwaukee BrewersBill Hall
54.8%
Milwaukee BrewersRickie Weeks
54.8%
Tampa Bay RaysJames Shields
54.8%
Tampa Bay RaysDavid Price
54.8%
Milwaukee BrewersCC Sabathia
51.6%
Los Angeles AngelsFrancisco Rodriguez
51.6%
Chicago White SoxOrlando Cabrera
51.6%
Los Angeles DodgersJames Loney
51.6%
Philadelphia PhilliesJoe Blanton
51.6%
Boston Red SoxJon Lester
51.6%
Los Angeles AngelsHowie Kendrick
51.6%
Philadelphia PhilliesBrett Myers
51.6%
Chicago CubsKerry Wood
48.4%
Los Angeles AngelsJohn Lackey
48.4%
Philadelphia PhilliesBrad Lidge
48.4%
Tampa Bay RaysJason Bartlett
48.4%
Hint Answer % Correct
Boston Red SoxJason Bay
48.4%
Milwaukee BrewersCorey Hart
48.4%
Tampa Bay RaysBen Zobrist
48.4%
Los Angeles DodgersRafael Furcal
45.2%
Boston Red SoxDaisuke Matsuzaka
45.2%
Chicago CubsGeovany Soto
45.2%
Philadelphia PhilliesRyan Madson
45.2%
Tampa Bay RaysEdwin Jackson
45.2%
Philadelphia PhilliesJamie Moyer
41.9%
Chicago White SoxA.J Pierzynski
41.9%
Chicago White SoxBobby Jenks
41.9%
Los Angeles DodgersCasey Blake
41.9%
Los Angeles AngelsErick Aybar
41.9%
Los Angeles AngelsMike Napoli
41.9%
Chicago CubsKosuke Fukudome
41.9%
Chicago White SoxJohn Danks
41.9%
Milwaukee BrewersYovani Gallardo
41.9%
Tampa Bay RaysWilly Aybar
41.9%
Tampa Bay RaysMatt Garza
41.9%
Tampa Bay RaysScott Kazmir
41.9%
Tampa Bay RaysDioner Navarro
41.9%
Boston Red SoxTim Wakefield
38.7%
Philadelphia PhilliesMatt Stairs
38.7%
Tampa Bay RaysCliff Floyd
38.7%
Los Angeles DodgersJuan Pierre
38.7%
Los Angeles DodgersChad Billingsley
38.7%
Chicago White SoxGavin Floyd
38.7%
Tampa Bay RaysAkinori Iwamura
38.7%
Tampa Bay RaysTrever Miller
35.5%
Philadelphia PhilliesJ.C Romero
35.5%
Philadelphia PhilliesEric Bruntlett
35.5%
Boston Red SoxHideki Okajima
35.5%
Philadelphia PhilliesChris Coste
35.5%
Milwaukee BrewersJ.J. Hardy
35.5%
Tampa Bay RaysFernando Perez
35.5%
Los Angeles DodgersJeff Kent
32.3%
Chicago White SoxJuan Uribe
32.3%
Los Angeles DodgersJonathan Broxton
32.3%
Chicago CubsRyan Dempster
32.3%
Los Angeles AngelsJeff Mathis
32.3%
Los Angeles AngelsKendrys Morales
32.3%
Philadelphia PhilliesGeoff Jenkins
32.3%
Los Angeles DodgersNomar Garciaparra
29%
Milwaukee BrewersMike Cameron
29%
Los Angeles AngelsTorii Hunter
29%
Los Angeles AngelsJuan Rivera
29%
Milwaukee BrewersJason Kendall
29%
Boston Red SoxCoco Crisp
29%
Tampa Bay RaysEric Hinske
29%
Chicago CubsCarlos Marmol
29%
Chicago CubsRyan Theriot
29%
Philadelphia PhilliesGreg Dobbs
29%
Los Angeles DodgersBlake DeWitt
29%
Los Angeles DodgersHiroki Kuroda
29%
Milwaukee BrewersCraig Counsell
25.8%
Philadelphia PhilliesScott Eyre
25.8%
Milwaukee BrewersEric Gagne
25.8%
Chicago White SoxJavier Vazquez
25.8%
Philadelphia PhilliesSo Taguchi
25.8%
Los Angeles DodgersChan Ho Park
25.8%
Chicago CubsMike Fontenot
25.8%
Chicago White SoxMatt Thornton
25.8%
Hint Answer % Correct
Los Angeles AngelsMark Teixeira
25.8%
Boston Red SoxMike Timlin
22.6%
Chicago CubsMark DeRosa
22.6%
Chicago White SoxDewayne Wise
22.6%
Los Angeles AngelsErvin Santana
22.6%
Boston Red SoxJavier Lopez
22.6%
Los Angeles AngelsJoe Saunders
22.6%
Philadelphia PhilliesChad Durbin
22.6%
Philadelphia PhilliesJ.A. Happ
22.6%
Tampa Bay RaysRocco Baldelli
22.6%
Tampa Bay RaysJ.P. Howell
22.6%
Los Angeles AngelsDarren Oliver
19.4%
Milwaukee BrewersRay Durham
19.4%
Chicago White SoxNick Swisher
19.4%
Chicago CubsRonny Cedeno
19.4%
Boston Red SoxJed Lowrie
19.4%
Milwaukee BrewersDave Bush
19.4%
Los Angeles DodgersGreg Maddux
16.1%
Chicago CubsJim Edmonds
16.1%
Chicago CubsRich Harden
16.1%
Boston Red SoxPaul Byrd
16.1%
Boston Red SoxÁlex Cora
16.1%
Boston Red SoxDavid Ross
16.1%
Tampa Bay RaysGrant Balfour
16.1%
Milwaukee BrewersJeff Suppan
16.1%
Los Angeles DodgersHung-Chih Kuo
16.1%
Los Angeles DodgersTakashi Saito
16.1%
Boston Red SoxMark Kotsay
16.1%
Philadelphia PhilliesClay Condrey
16.1%
Boston Red SoxKevin Cash
16.1%
Los Angeles AngelsGary Matthews Jr
16.1%
Los Angeles DodgersJoe Beimel
16.1%
Milwaukee BrewersBrad Nelson
16.1%
Tampa Bay RaysAndy Sonnanstine
16.1%
Chicago White SoxKen Griffey Jr
12.9%
Chicago CubsDaryle Ward
12.9%
Chicago CubsJason Marquis
12.9%
Chicago CubsNeal Cotts
12.9%
Chicago White SoxScott Linebrink
12.9%
Boston Red SoxJustin Masterson
12.9%
Chicago CubsJeff Samardzija
12.9%
Milwaukee BrewersManny Parra
12.9%
Milwaukee BrewersCarlos Villanueva
12.9%
Tampa Bay RaysGabe Gross
12.9%
Chicago White SoxOctavio Dotel
9.7%
Tampa Bay RaysDan Wheeler
9.7%
Milwaukee BrewersGuillermo Mota
9.7%
Boston Red SoxManny Delcarmen
9.7%
Los Angeles AngelsReggie Willits
9.7%
Chicago White SoxClayton Richard
9.7%
Los Angeles DodgersÁngel Berroa
9.7%
Los Angeles DodgersJames McDonald
9.7%
Milwaukee BrewersTony Gwynn Jr
9.7%
Milwaukee BrewersSeth McClung
9.7%
Milwaukee BrewersSalomón Torres
9.7%
Tampa Bay RaysChad Bradford
6.5%
Los Angeles DodgersPablo Ozuna
6.5%
Boston Red SoxSean Casey
6.5%
Chicago CubsSean Marshall
6.5%
Los Angeles AngelsJosé Arredondo
6.5%
Los Angeles DodgersCory Wade
6.5%
Milwaukee BrewersMitch Stetter
3.2%
Come Together.
Have Fun.
All Virtual.
We all need to come together. Play Sporcle's virtual live trivia to have fun, connect with people, and get your trivia on. Join a live hosted trivia game for your favorite pub trivia experience done virtually. If a virtual private party is more your thing, go here for details.

You're not logged in!

Compare scores with friends on all Sporcle quizzes.
OR
Log In

Sporcle TV

Today on Sporcle TV


Watch our educational content, quiz creation guides, and fun videos on Sporcle TV.

Show Comments

Extras

Created Feb 22, 2020ReportNominate
Tags:MLB Quiz, MLB Playoffs

Top Quizzes Today


Score Distribution

Paid Content

Your Account Isn't Verified!

In order to create a playlist on Sporcle, you need to verify the email address you used during registration. Go to your Sporcle Settings to finish the process.

Report this User

Report this user for behavior that violates our Community Guidelines.

Details: